000 00660nam a2200277Ia 4500
005 20260324115503.0
008 008 260324s9999 xx 000 0 eng d
020 _a9781315182452
037 _aEBOOK
040 _aCRL
040 _beng
040 _cCRL
041 _2eng
041 _aeng
084 _qCRL
100 _aRobert Ho
_91154853
245 0 _aUnderstanding Statistics for the Social Sciences with IBM SPSS
260 _bTaylor and Francis
260 _c2017
365 _a
365 _b210
856 _uhttp://www.taylorfrancis.com/books/9781315182452
942 _cEBOOK
999 _c1745771
_d1745771